THE PREVENTION OF SEDITIOUS MEETINGS ACT, 1911 (Record no. 6559)

MARC details
000 -LEADER
fixed length control field 00388nam a22001577a 4500
005 - DATE AND TIME OF LATEST TRANSACTION
control field 20200528102411.0
008 - FIXED-LENGTH DATA ELEMENTS--GENERAL INFORMATION
fixed length control field 200528b xxu||||| |||| 00| 0 eng d
041 ## - LANGUAGE CODE
Language code of text/sound track or separate title eng
082 ## - DEWEY DECIMAL CLASSIFICATION NUMBER
Classification number 340
100 ## - MAIN ENTRY--AUTHOR NAME
Personal name BARE ACT
245 ## - TITLE STATEMENT
Title THE PREVENTION OF SEDITIOUS MEETINGS ACT, 1911
260 ## - PUBLICATION, DISTRIBUTION, ETC. (IMPRINT)
Place of publication DELHI
Name of publisher PROFESSIONALS BOOK PUBLISHERS
300 ## - PHYSICAL DESCRIPTION
Number of Pages 3;p
650 ## - SUBJECT ADDED ENTRY--TOPICAL TERM
Topical Term LAW
942 ## - ADDED ENTRY ELEMENTS (KOHA)
Koha item type Books
Holdings
Lost status Damaged status Home library Current library Date acquired Source of acquisition Cost, normal purchase price Full call number Accession Number Koha item type
    JRU Library   09/06/2020 PURCHESS 30.00 340 23219 Books